Telegrama con fecha 24 de junio de 1929 a Su Santidad

Síntesis: En el telegrama la Asociación de Padres de Familia, pide al Papa los salve de no poder educar a sus hijos dentro de la educación cristiana; ya que eso fue aceptado por el delegado.

I tiakina i:
Ngā taipitopito rārangi puna kōrero
Kaituhi matua: Rebollo, José (autor)
Hōputu: Pukapuka
Ngā marau:
Ngā Tūtohu: Tāpirihia he Tūtohu
Kāore He Tūtohu, Me noho koe te mea tuatahi ki te tūtohu i tēnei pūkete!

MARC

LEADER 00000nam^a2200000^a^4500
001 000250432
005 20250526000000.0
009 20260310105809.667
035 |a R01433 
037 |a Acervo Xavier Clavigero 
082 |a 7.  |b REB V. LIBRO 9 37/152 
100 |a Rebollo, José  |e (autor) 
245 1 0 |a Telegrama con fecha 24 de junio de 1929 a Su Santidad 
264 |a lugar de publicación no identificado :  |b Destinatario: Pío XI, Papa,,  |c 1922-1939 
300 |a 1 foja, mcs/cop., 21.3 X 28 cms. 
336 |a texto  |b txt  |2 rdacontenido 
337 |a sin mediación  |b n  |2 rdamedio 
338 |a volumen  |b nc  |2 rdasoporte 
520 |a Síntesis: En el telegrama la Asociación de Padres de Familia, pide al Papa los salve de no poder educar a sus hijos dentro de la educación cristiana; ya que eso fue aceptado por el delegado. 
598 |a Telegrama 
598 |a En la biblioteca del ILFC, Guadalajara, Jal. 
649 |a XX 
650 |a Libertad Religiosa 
650 |a Libertad de Enseñanza 
910 |a Fondo Jesús Gómez Fregoso S.J. FXC 
920 |a Impresos - Documentos 
930 |a Libros Antiguos y Raros 
940 |a Guerra Cristera 
905 |a 110 
901 |a R01433  |b IT2  |c LRA  |i R01433  |u 20250526 
902 |a https://opac.biblio.iteso.mx/vufind/Record/000250432